<?xml version="1.0" encoding="UTF-8"?>
<record
    xmlns:xsi="http://www.w3.org/2001/XMLSchema-instance"
    xsi:schemaLocation="http://www.loc.gov/MARC21/slim http://www.loc.gov/standards/marcxml/schema/MARC21slim.xsd"
    xmlns="http://www.loc.gov/MARC21/slim">

  <leader>00865naa a2200229 a 4500</leader>
  <controlfield tag="001">81700</controlfield>
  <controlfield tag="003">BD-RjUL</controlfield>
  <controlfield tag="005">20230816142922.0</controlfield>
  <controlfield tag="008">230816s1976    ii ||||| |||| 00| 0 urd d</controlfield>
  <datafield tag="035" ind1=" " ind2=" ">
    <subfield code="a">(BD-RjUL)81700</subfield>
  </datafield>
  <datafield tag="040" ind1=" " ind2=" ">
    <subfield code="a">BD-RjUL</subfield>
    <subfield code="b">eng</subfield>
    <subfield code="c">BD-RjUL</subfield>
  </datafield>
  <datafield tag="041" ind1=" " ind2=" ">
    <subfield code="a">urd</subfield>
  </datafield>
  <datafield tag="082" ind1=" " ind2=" ">
    <subfield code="2">23</subfield>
    <subfield code="a">891.4391</subfield>
    <subfield code="b">MAB 1976</subfield>
  </datafield>
  <datafield tag="100" ind1=" " ind2=" ">
    <subfield code="a">Mattel, Gopal   &#x645;&#x62A;&#x644;, &#x6AF;&#x648;&#x67E;&#x627;&#x644;  </subfield>
    <subfield code="9">8370</subfield>
  </datafield>
  <datafield tag="245" ind1="1" ind2="0">
    <subfield code="a"> &#x628;&#x633;&#x645;&#x644; &#x633;&#x639;&#x62F;&#x64A; : &#x634;&#x62E;&#x633; &#x627;&#x648;&#x631; &#x634;&#x627;&#x639;&#x631; ;;   bisaml saedi : shakhs awar shaeir /</subfield>
    <subfield code="c">&#x6AF;&#x648;&#x67E;&#x627;&#x644; &#x645;&#x62A;&#x644;&#x66B; &#x645;&#x62D;&#x645;&#x648;&#x62F; &#x633;&#x639;&#x6CC;&#x62F;&#x6CC;&#x66B;&#x67E;&#x631;&#x6CC;&#x645; &#x6AF;&#x648;&#x67E;&#x627;&#x644; &#x645;&#x62A;&#x644;  ;; Gopal Mittal, Mahmood Saidi, Prem Gopal Mittal</subfield>
  </datafield>
  <datafield tag="260" ind1=" " ind2=" ">
    <subfield code="a">New Delhi : </subfield>
    <subfield code="b">National Akademi, </subfield>
    <subfield code="c">1976</subfield>
  </datafield>
  <datafield tag="300" ind1=" " ind2=" ">
    <subfield code="a">240 p. ;</subfield>
    <subfield code="c">22 cm</subfield>
  </datafield>
  <datafield tag="650" ind1=" " ind2=" ">
    <subfield code="a">Urdu poetry</subfield>
  </datafield>
  <datafield tag="700" ind1=" " ind2=" ">
    <subfield code="a"> Saidi, mahmud ; &#x633;&#x639;&#x6CC;&#x62F;&#x6CC; &#x66B; &#x645;&#x62D;&#x645;&#x648;&#x62F;</subfield>
    <subfield code="9">8373</subfield>
  </datafield>
  <datafield tag="700" ind1=" " ind2=" ">
    <subfield code="a">&#x645;&#x62A;&#x644;  &#x66B;&#x67E;&#x631;&#x6CC;&#x645; &#x6AF;&#x648;&#x67E;&#x627;&#x644;   ;;  Mittal, prem gopal</subfield>
    <subfield code="9">8372</subfield>
  </datafield>
  <datafield tag="942" ind1=" " ind2=" ">
    <subfield code="2">ddc</subfield>
    <subfield code="c">BK</subfield>
  </datafield>
  <datafield tag="999" ind1=" " ind2=" ">
    <subfield code="c">81700</subfield>
    <subfield code="d">81700</subfield>
  </datafield>
  <datafield tag="952" ind1=" " ind2=" ">
    <subfield code="0">0</subfield>
    <subfield code="1">0</subfield>
    <subfield code="2">ddc</subfield>
    <subfield code="4">0</subfield>
    <subfield code="7">1</subfield>
    <subfield code="8">NFIC</subfield>
    <subfield code="a">RUCL</subfield>
    <subfield code="b">RUCL</subfield>
    <subfield code="c">Reading</subfield>
    <subfield code="d">2023-08-16</subfield>
    <subfield code="l">0</subfield>
    <subfield code="o">U 891.4391 MAB 1976</subfield>
    <subfield code="r">2023-08-16 00:00:00</subfield>
    <subfield code="t">C-1</subfield>
    <subfield code="w">2023-08-16</subfield>
    <subfield code="y">BK</subfield>
  </datafield>
</record>
